[Event "IND-ch (Women) 49th"]
[Site "Ahmedabad"]
[Date "2023.07.03"]
[Round "4"]
[White "Kiran, Manisha Mohanty"]
[Black "Nivedita, VC."]
[Result "1-0"]
[WhiteElo "2049"]
[BlackElo "1517"]
[PlyCount "45"]
[EventDate "2023.06.30"]
[EventType "swiss"]
[EventRounds "11"]
[EventCountry "IND"]
[SourceTitle "CBM 215 Extra"]
[Source "ChessBase"]
[SourceDate "2023.09.30"]
[SourceVersion "1"]
[SourceVersionDate "2023.09.30"]
[SourceQuality "1"]

1. e4 e5 2. Nf3 Nc6 3. Bb5 f5 4. d3 fxe4 5. dxe4 d6 6. 0-0 Nf6 7. Bc4 Na5 8. Be2 Nc6 9. Ng5 Qe7 10. Nc3 Nd4 11. Bc4 Ne6 12. f4 h6 13. fxe5 dxe5 14. Nd5 hxg5 15. Nxe7 Bxe7 16. Rxf6 gxf6 17. Be3 Bd7 18. Qd5 0-0-0 19. Qa5 Nd4 20. Qxa7 Bg4 21. c3 Nc2 22. Qa8+ Kd7 23. Qa4+ 1-0

[Event "IND-ch (Women) 48th"]
[Site "Hatkanangale"]
[Date "2022.12.28"]
[Round "3"]
[White "Anjali, R Sagar"]
[Black "Nivedita, VC."]
[Result "0-1"]
[WhiteElo "1804"]
[BlackElo "1531"]
[PlyCount "82"]
[EventDate "2022.12.26"]
[EventType "swiss"]
[EventRounds "11"]
[EventCountry "IND"]
[SourceTitle "CBM 212 Extra"]
[Source "ChessBase"]
[SourceDate "2023.03.31"]
[SourceVersion "1"]
[SourceVersionDate "2023.03.31"]
[SourceQuality "1"]

1. e4 e5 2. Nf3 Nc6 3. Bb5 f5 4. Bxc6 dxc6 5. Nxe5 Qd4 6. Nf3 Qxe4+ 7. Qe2 Qxe2+ 8. Kxe2 Bd7 9. Re1 0-0-0 10. Ne5 Be6 11. Kf1 Re8 12. d3 Nf6 13. Nc3 Bd6 14. h3 Nd5 15. a3 Nxc3 16. bxc3 Bd5 17. f4 b5 18. a4 a6 19. axb5 axb5 20. c4 bxc4 21. Ra8+ Kb7 22. Rxe8 Rxe8 23. dxc4 Be4 24. Nd3 Ra8 25. Bb2 Ra4 26. c5 Bxd3+ 27. cxd3 Rxf4+ 28. Ke2 Bxc5 29. Rf1 Rxf1 30. Kxf1 g6 31. Ke2 Bd6 32. Kf3 Kb6 33. g4 f4 34. h4 Kc5 35. Ke4 Kb4 36. h5 gxh5 37. gxh5 c5 38. Bf6 c4 39. d4 c3 40. Kd3 Kb3 41. d5 c2 0-1

[Event "Eastern Asia-ch U10 Girls"]
[Site "Tornelo INT"]
[Date "2021.10.24"]
[Round "8"]
[White "Nguyen, Minh Chi"]
[Black "Nivedita, VC."]
[Result "0-1"]
[WhiteElo "1168"]
[BlackElo "1167"]
[PlyCount "80"]
[EventDate "2021.10.22"]
[EventType "swiss"]
[EventRounds "9"]
[EventCountry "NET"]
[SourceTitle "EXT 2023"]
[Source "ChessBase"]
[SourceDate "2022.10.05"]
[SourceVersion "1"]
[SourceVersionDate "2022.10.05"]
[SourceQuality "1"]

1. e4 e5 2. Nf3 Nc6 3. Bc4 Bc5 4. c3 Qe7 5. d3 Nf6 6. 0-0 d6 7. Nbd2 h6 8. h3 Be6 9. Bb5 a6 10. Ba4 b5 11. Bc2 0-0 12. Re1 Rad8 13. Nf1 Rfe8 14. a3 d5 15. exd5 Bxd5 16. Ng3 Qd7 17. Be3 Bd6 18. Ne4 Nxe4 19. dxe4 Be6 20. Qe2 Bc4 21. Bd3 Qe6 22. Rad1 Na5 23. Nh4 Bxd3 24. Rxd3 Be7 25. Rxd8 Rxd8 26. Nf5 Nc4 27. Qg4 Bf6 28. Bxh6 g6 29. Bc1 Kf8 30. Nh6 Qxg4 31. Nxg4 Be7 32. Ne3 Nd2 33. Nd5 c6 34. Bxd2 cxd5 35. exd5 Rxd5 36. Bh6+ Kg8 37. Bc1 a5 38. Kf1 b4 39. axb4 axb4 40. c4 Rd4 0-1

[Event "Eastern Asia-ch U10 Girls"]
[Site "Tornelo INT"]
[Date "2021.10.24"]
[Round "9"]
[White "Nivedita, VC."]
[Black "Yatee, Kothari"]
[Result "0-1"]
[WhiteElo "1167"]
[BlackElo "1066"]
[PlyCount "50"]
[EventDate "2021.10.22"]
[EventType "swiss"]
[EventRounds "9"]
[EventCountry "NET"]
[SourceTitle "EXT 2023"]
[Source "ChessBase"]
[SourceDate "2022.10.05"]
[SourceVersion "1"]
[SourceVersionDate "2022.10.05"]
[SourceQuality "1"]

1. e4 c5 2. d4 cxd4 3. c3 dxc3 4. Nxc3 Nc6 5. Be3 Nf6 6. Bc4 e6 7. Nf3 d6 8. 0-0 Be7 9. h3 0-0 10. Re1 a6 11. Rc1 b5 12. Bb3 Bb7 13. a3 Rc8 14. Nd4 Na5 15. Bc2 Nc4 16. Rb1 Nxb2 17. Rxb2 Rxc3 18. Qe2 Rxa3 19. Bd2 d5 20. e5 Nd7 21. Qh5 g6 22. Qh6 Re8 23. Nb3 Ra4 24. g3 Rc4 25. Re3 Bg5 0-1